Divadlo jeho cesta dejinami

Podrobná bibliografia
Hlavný autor: Polák, Milan, 1932-2022 (Autor)
Ďalší autori: Bachratý, Ctibor, 1955-2023 (Fotograf)
Médium: Kniha
Jazyk:slovenčina
Fyzický popis:166 s. fotogr. 25 cm
Vydavateľské údaje: Bratislava Perfekt 2009
ISBN:9788080464547
Edícia:Ilustrované dejiny
Predmet:

MARC

LEADER 00000cam a2200000 a 4500
001 vtls010084115
003 SK-MaSNL
005 20260301223143.0
008 240315s2009 xo o f 001 0 slo
015 |a SNBA2010/05-02855 
020 |a 9788080464547  |q (viaz.) 
035 |a 53FE1EDA-C4E0-47CD-A413-134F9410B850 
035 |a urn:nbn:sk:snk-amka82 
035 |a urn:nbn:sk:snk-am008aj0 
040 |a SNK  |b slo  |c SNK  |e AACR2 
041 0 |a slo 
043 |a e-xo---  |a e------ 
044 |a xo  |c SK 
072 7 |a 792  |x Divadlo. Divadelné predstavenia  |2 konspekt 
080 |a 792.07  |2 2001 
080 |a 792(091)  |2 2001 
080 |a 929  |2 2001 
080 |a (437.6)  |2 2001 
080 |a (4)  |2 2001 
080 |a (048.8)  |2 2001 
100 1 |a Polák, Milan,  |d 1932-2022  |4 aut  |9 102381 
245 1 0 |a Divadlo  |b jeho cesta dejinami  |c Milan Polák ; [fotografie Ctibor Bachratý ... [et al.]] 
260 |a Bratislava  |b Perfekt  |c 2009 
300 |a 166 s.  |b fotogr.  |c 25 cm 
490 1 |a Ilustrované dejiny 
504 |a Bibliogr. s. 160. Reg. 
650 0 7 |a divadelné umenie  |2 SNKPH  |9 27107 
650 0 7 |a dejiny divadla  |2 SNKPH  |9 83390 
650 0 7 |a osobnosti  |2 SNKPH  |9 29820 
650 0 7 |a Theatrical performance  |2 SNKPHeng  |9 418921 
650 0 7 |a History of theater  |2 SNKPHeng  |9 278279 
650 0 7 |a Celebrities  |2 SNKPHeng  |9 265203 
655 7 |a monografie  |2 SNKPH  |9 70139 
655 7 |a Monographs  |2 SNKPHeng  |9 120675 
700 1 |a Bachratý, Ctibor,  |d 1955-2023  |4 pht  |9 89935 
830 0 |a Ilustrované dejiny  |9 310378 
852 |a Akadémia umení v Banskej Bystrici 
919 |a 978-80-8046-454-7 
958 |a NB 
958 |a BX 
958 |a BC 
958 |a OND 
968 |d 791/792 
999 |c 942344  |d 944274 
952 |a SNK  |b SNK  |y PREZ  |7 0  |p 17A0653831  |o snkSC 139868  |i snk2010/7811  |8 0  |0 0  |1 0  |4 0  |d 2010-04-19  |l 0  |r 2025-07-08 00:00:00  |w 2026-02-24 
952 |a SNK  |b SNK  |y VYP  |7 0  |p 17A0653830  |o snkSC 139868 D1  |i snk2010/7812  |8 0  |0 0  |1 0  |4 0  |d 2010-04-19  |f 1  |l 0  |r 2026-02-24 09:23:14  |w 2026-02-24 
952 |t snkPOL 792(091)  |a SNKUST  |b SNKUST  |y PREZ  |7 0  |p 17A0644188  |o snkSC 139868 D2  |i snk2010/13899  |8 3  |g 12.49  |0 0  |1 0  |4 0  |d 2010-06-24  |l 0  |r 2025-04-30 00:00:00  |w 2026-02-24